Sports Quiz

Random Sports or Nation Quiz

Boxers by Nationality Match Quiz Stats

Quiz not verified by Sporcle

Challenge
Share
Tweet
Score 0/35 Timer 06:00
0 Plays Today
% Correct
USA
95.4%
Philippines
92.6%
Ukraine
91.5%
Mexico
90.4%
Germany
88%
Russia
86.6%
UK
86.3%
Sweden
81.7%
Ireland
81.4%
Denmark
78.7%
Argentina
78.4%
South Korea
77.5%
Panama
74.6%
Puerto Rico
72.7%
Poland
72.1%
New Zealand
69.9%
Bulgaria
63.8%
Canada
55.5%
% Correct
Ghana
55.5%
Hungary
54.9%
Jamaica
53.8%
Italy
53%
Australia
51.6%
Uganda
51.6%
France
50%
Cuba
48.9%
Japan
47.8%
Romania
46.3%
Portugal
38.5%
South Africa
33.9%
Brazil
33.4%
Slovenia
32.8%
Nigeria
29.5%
Israel
26.3%
Croatia
22.4%

You're not logged in!

Compare scores with friends on all Sporcle quizzes.
Sign Up with Email
OR
Log In

You Might Also Like...

Show Comments

Extras

Top Quizzes Today


Score Distribution

Your Account Isn't Verified!

In order to create a playlist on Sporcle, you need to verify the email address you used during registration. Go to your Sporcle Settings to finish the process.

Report this User

Report this user for behavior that violates our Community Guidelines.

Details: